Statistics for Country Shooting Gallery #4

Click here to take the quiz!

General Stats

  • This quiz has been taken 208 times
  • The average score is 18 of 25

Answer Stats

Answer % Correct
Australia
82%
Belize
82%
Brazil
81%
Austria
81%
Bhutan
80%
Belgium
79%
Bolivia
77%
Azerbaijan
75%
Botswana
74%
Bahamas
74%
Argentina
73%
Barbados
73%
Brunei
72%
Benin
72%
Armenia
72%
Bulgaria
71%
Burundi
71%
Bangladesh
70%
Bosnia and Herzegovina
70%
Bahrain
68%
Burkina Faso
66%
Belarus
65%
Cameroon
56%
Cambodia
55%
Antigua and Barbuda
53%

Score Distribution

Percentile by Number Answered

Percent of People with Each Score

Your Score History

You have not taken this quiz